[Event "ESP-chT Rapid"]
[Site "Ciudad Real"]
[Date "2021.10.10"]
[Round "8.5"]
[White "Castillo Dalmau, Arnau"]
[Black "Gutierrez Diaz, Pablo"]
[Result "0-1"]
[WhiteElo "2010"]
[BlackElo "1905"]
[PlyCount "150"]
[EventDate "2021.10.09"]
[EventType "team-swiss (rapid)"]
[EventRounds "9"]
[EventCountry "ESP"]
[SourceTitle "CBM 204 Extra"]
[Source "ChessBase"]
[SourceDate "2021.11.30"]
[SourceVersion "1"]
[SourceVersionDate "2021.11.30"]
[SourceQuality "1"]
[WhiteTeam "Villa Olimpica"]
[BlackTeam "Madrid 64Villalba II"]
[WhiteTeamCountry "ESP"]
[BlackTeamCountry "ESP"]

1. e4 c5 2. Nf3 Nc6 3. c4 g6 4. d4 cxd4 5. Nxd4 Bg7 6. Be3 Nf6 7. Nc3 Ng4 8. Qxg4 Nxd4 9. Qd1 Ne6 10. Qd2 d6 11. Be2 Bd7 12. 0-0 0-0 13. Rfc1 a5 14. Nd5 Nc5 15. f3 Re8 16. Rab1 a4 17. Bd4 Qa5 18. Bc3 Bxc3 19. Qxc3 Qxc3 20. Rxc3 Ra5 21. Kf2 Bc6 22. Ne3 Rc8 23. Rcc1 Kf8 24. b4 axb3 25. axb3 Ra2 26. Rc2 Rca8 27. b4 Ne6 28. Rbb2 Rxb2 29. Rxb2 Ra3 30. Nd5 Nd4 31. b5 Bxd5 32. cxd5 Rb3 33. Rxb3 Nxb3 34. Ke3 Ke8 35. Bf1 Kd8 36. Kd3 Kc7 37. Kc4 Nc5 38. Kd4 Kb6 39. h4 Ka5 40. Kc4 Nd7 41. Be2 Ne5+ 42. Kb3 Nd7 43. Bf1 Nc5+ 44. Kc4 Ka4 45. e5 Nd7 46. exd6 exd6 47. g3 Ne5+ 48. Kd4 Nxf3+ 49. Ke3 Ne5 50. Kd4 Kb4 51. Be2 Nd7 52. Bf1 Nc5 53. Ke3 Na4 54. Kf4 f6 55. h5 Nc3 56. Bd3 Nxd5+ 57. Ke4 Nc3+ 58. Kf3 Nxb5 59. hxg6 hxg6 60. Bxg6 Nd4+ 61. Ke4 Kc5 62. Bf7 b5 63. Ba2 b4 64. Bb1 b3 65. Kd3 Nf5 66. g4 Nh6 67. Kc3 Nxg4 68. Kxb3 Kd4 69. Kc2 Ke3 70. Kc3 d5 71. Bf5 Nf2 72. Kc2 d4 73. Kc1 d3 74. Bxd3 Nxd3+ 75. Kd1 f5 0-1

[Event "ESP-chT Rapid"]
[Site "Ciudad Real"]
[Date "2021.10.09"]
[Round "2.5"]
[White "Castillo Dalmau, Arnau"]
[Black "Gomez Dieguez, David"]
[Result "0-1"]
[WhiteElo "2010"]
[BlackElo "2297"]
[PlyCount "74"]
[EventDate "2021.10.09"]
[EventType "team-swiss (rapid)"]
[EventRounds "9"]
[EventCountry "ESP"]
[SourceTitle "CBM 204 Extra"]
[Source "ChessBase"]
[SourceDate "2021.11.30"]
[SourceVersion "1"]
[SourceVersionDate "2021.11.30"]
[SourceQuality "1"]
[WhiteTeam "Villa Olimpica"]
[BlackTeam "Ourense Deportivo"]
[WhiteTeamCountry "ESP"]
[BlackTeamCountry "ESP"]

1. e4 e5 2. Nf3 Nc6 3. Bb5 a6 4. Ba4 Nf6 5. d3 Bc5 6. 0-0 d6 7. c3 Ba7 8. Nbd2 0-0 9. Qe2 h6 10. h3 Nh5 11. Rd1 Nf4 12. Qf1 Qf6 13. Bxc6 bxc6 14. Nc4 Nxh3+ 15. gxh3 Qxf3 16. Nd2 Bxf2+ 17. Qxf2 Qxd1+ 18. Kh2 f5 19. Qg2 fxe4 20. Nxe4 Qf3 21. Bd2 Qxg2+ 22. Kxg2 Bf5 23. Nf2 c5 24. Re1 a5 25. Kg3 a4 26. Re3 Be6 27. d4 cxd4 28. cxd4 Bxa2 29. dxe5 Rae8 30. Bc3 dxe5 31. Bxe5 Rf5 32. Bd4 Rxe3+ 33. Bxe3 Rb5 34. Bd4 c5 35. Bc3 Rb3 36. Ne4 a3 37. bxa3 Bb1 0-1

[Event "Barcelona Tres Peons"]
[Site "Barcelona"]
[Date "2021.09.27"]
[Round "2"]
[White "Castillo Dalmau, Arnau"]
[Black "Parramon Ros, Francesco"]
[Result "1-0"]
[WhiteElo "2010"]
[BlackElo "2010"]
[PlyCount "87"]
[EventDate "2021.09.20"]
[EventType "tourn"]
[EventRounds "9"]
[EventCountry "ESP"]
[SourceTitle "EXT 2023"]
[Source "ChessBase"]
[SourceDate "2022.10.05"]
[SourceVersion "1"]
[SourceVersionDate "2022.10.05"]
[SourceQuality "1"]

1. c4 e5 2. g3 d6 3. Nc3 Nc6 4. Bg2 Be7 5. e3 Nf6 6. Nge2 0-0 7. a3 a5 8. b3 Re8 9. Bb2 Bf8 10. d3 Ne7 11. Nd5 Nfxd5 12. cxd5 c6 13. dxc6 bxc6 14. d4 f6 15. 0-0 Rb8 16. Bc3 Nd5 17. Bd2 Ba6 18. Re1 e4 19. Qc2 Bd3 20. Qxc6 Ne7 21. Qc3 d5 22. Nc1 a4 23. bxa4 Bc4 24. Bf1 Bxf1 25. Rxf1 Qd7 26. Nb3 Nf5 27. Rfb1 Rbc8 28. Qa5 Nh6 29. Qb5 Qf5 30. Qe2 Nf7 31. h4 Nd6 32. Bb4 Nc4 33. Bxf8 Rxf8 34. Nc5 g5 35. hxg5 fxg5 36. Kg2 Rb8 37. Rb4 Rbe8 38. Rb7 Rf6 39. g4 Qc8 40. Rh1 h6 41. Rhb1 Nd6 42. Rb8 Qc6 43. R1b6 Rxb8 44. Rxc6 1-0

[Event "Sant Boi Lorente Memorial 10th"]
[Site "Sant Boi de Llobregat"]
[Date "2019.06.16"]
[Round "1"]
[White "Moskalenko, Viktor"]
[Black "Castillo Dalmau, Arnau"]
[Result "1-0"]
[WhiteElo "2500"]
[BlackElo "1957"]
[PlyCount "67"]
[EventDate "2019.06.16"]
[EventType "swiss (rapid)"]
[EventRounds "9"]
[EventCountry "ESP"]
[SourceTitle "EXT 2020"]
[Source "ChessBase"]
[SourceDate "2019.10.17"]
[SourceVersion "1"]
[SourceVersionDate "2019.10.17"]
[SourceQuality "1"]

1. d4 Nf6 2. Bf4 g6 3. Nc3 d5 4. e3 Bg7 5. h4 0-0 6. h5 Nxh5 7. Rxh5 gxh5 8. Qxh5 c6 9. Bd3 f5 10. Nf3 Nd7 11. 0-0-0 Nf6 12. Qh4 h5 13. Rh1 e6 14. Ne5 Bd7 15. f3 Be8 16. Bg5 Qc7 17. g4 Nd7 18. Nxd7 Qxd7 19. gxh5 Qf7 20. Ne2 Bf6 21. Nf4 Bxg5 22. Qxg5+ Kh7 23. Ng6 Rg8 24. e4 fxe4 25. fxe4 Qf3 26. Rf1 Qxf1+ 27. Bxf1 Bxg6 28. hxg6+ Rxg6 29. Qh5+ Kg7 30. Bd3 Rh8 31. Qe5+ Rf6 32. exd5 exd5 33. Qg3+ Kf7 34. Qc7+ 1-0

[Event "Barcelona Sant Marti op-B 20th"]
[Site "Barcelona"]
[Date "2018.07.18"]
[Round "6"]
[White "Castillo Dalmau, Arnau"]
[Black "Ramos Alvarez, Maximo"]
[Result "1-0"]
[WhiteElo "1862"]
[BlackElo "1939"]
[PlyCount "33"]
[EventDate "2018.07.13"]
[EventType "swiss"]
[EventRounds "9"]
[EventCountry "ESP"]
[SourceTitle "EXT 2019"]
[Source "ChessBase"]
[SourceDate "2018.10.10"]
[SourceVersion "1"]
[SourceVersionDate "2018.10.10"]
[SourceQuality "1"]

1. e4 c5 2. Nf3 e6 3. c4 Nc6 4. Nc3 Nge7 5. d4 cxd4 6. Nxd4 Nxd4 7. Qxd4 Nc6 8. Qd1 Bb4 9. Be3 Qa5 10. Qd2 b6 11. Rc1 0-0 12. Be2 Bxc3 13. Qxc3 Qxa2 14. b4 Qa4 15. Bd2 Ne7 16. b5 a5 17. Qb2 1-0

[Event "Barcelona Sant Marti op-B 20th"]
[Site "Barcelona"]
[Date "2018.07.13"]
[Round "1"]
[White "Gordillo Bretones, Jose Luis"]
[Black "Castillo Dalmau, Arnau"]
[Result "0-1"]
[WhiteElo "1543"]
[BlackElo "1862"]
[PlyCount "40"]
[EventDate "2018.07.13"]
[EventType "swiss"]
[EventRounds "9"]
[EventCountry "ESP"]
[SourceTitle "EXT 2019"]
[Source "ChessBase"]
[SourceDate "2018.10.10"]
[SourceVersion "1"]
[SourceVersionDate "2018.10.10"]
[SourceQuality "1"]

1. e4 c5 2. Nf3 e6 3. d4 cxd4 4. Nxd4 a6 5. Nc3 Qc7 6. Bd3 Nc6 7. Nxc6 Qxc6 8. 0-0 b5 9. a3 Bb7 10. Ne2 Nf6 11. Ng3 Be7 12. Bg5 h6 13. Be3 0-0 14. Be2 Qc7 15. Bd3 d5 16. exd5 Nxd5 17. Qg4 f5 18. Qh5 Qc6 19. Bd2 Nf4 20. Qf3 Nh3+ 0-1

[Event "Salou op U2300 3rd"]
[Site "Salou"]
[Date "2018.04.29"]
[Round "3"]
[White "Castillo Dalmau, Arnau"]
[Black "Martinez Arbones, Victor"]
[Result "1/2-1/2"]
[WhiteElo "1787"]
[BlackElo "1401"]
[PlyCount "65"]
[EventDate "2018.04.28"]
[EventType "swiss"]
[EventRounds "7"]
[EventCountry "ESP"]
[SourceTitle "CBM 184 Extra"]
[Source "ChessBase"]
[SourceDate "2018.06.28"]
[SourceVersion "1"]
[SourceVersionDate "2018.06.28"]
[SourceQuality "1"]

1. e4 e6 2. d3 d5 3. Nd2 c5 4. Ngf3 Nc6 5. g3 Nf6 6. Bg2 Be7 7. 0-0 0-0 8. Re1 d4 9. e5 Nd7 10. Nf1 f6 11. exf6 Nxf6 12. Qe2 Bd6 13. N1d2 Qe7 14. Nc4 Bc7 15. h3 Bd7 16. Nce5 Nxe5 17. Nxe5 Bc8 18. Bg5 Qd6 19. Nc4 Qe7 20. Kh2 Bd7 21. Bxb7 Rae8 22. Ne5 Ba4 23. Bc6 Bxc6 24. Nxc6 Qf7 25. Bxf6 Qxf6 26. f4 g5 27. Qg4 Kh8 28. Qxg5 Qxg5 29. fxg5 Rf2+ 30. Kg1 Rxc2 31. Rac1 Rxb2 32. Rxc5 Bxg3 33. Rf1 1/2-1/2

[Event "Barcelona Sant Marti op-B 18th"]
[Site "Barcelona"]
[Date "2016.07.21"]
[Round "9.46"]
[White "Moysen Cortes, Jessica"]
[Black "Castillo Dalmau, Arnau"]
[Result "0-1"]
[WhiteElo "1740"]
[BlackElo "1418"]
[PlyCount "74"]
[EventDate "2016.07.13"]
[EventType "swiss"]
[EventRounds "9"]
[EventCountry "ESP"]
[SourceTitle "EXT 2024"]
[Source "ChessBase"]
[SourceDate "2023.10.10"]
[SourceVersion "1"]
[SourceVersionDate "2023.10.10"]
[SourceQuality "1"]

1. e4 c5 2. Nf3 e6 3. d4 cxd4 4. Nxd4 Nc6 5. Nc3 Qc7 6. Be3 a6 7. Be2 Nf6 8. a3 Be7 9. 0-0 0-0 10. f4 d6 11. Kh1 b5 12. Nxc6 Qxc6 13. Bf3 e5 14. Qe1 Bb7 15. f5 Rac8 16. Qg3 Kh8 17. Qf2 Qc4 18. Be2 Qc6 19. Rad1 Ba8 20. Bg5 Qd7 21. Bxf6 Bxf6 22. Rd3 Be7 23. Bg4 f6 24. Qh4 Bd8 25. Rh3 h6 26. Qe1 Ba5 27. b4 Bb6 28. Qd2 Bd4 29. Nd5 Bxd5 30. exd5 Rc7 31. c3 Bb6 32. Rff3 e4 33. Rf1 e3 34. Qd3 Rfc8 35. Rc1 Rc4 36. Bf3 Qc7 37. g4 Rxc3 0-1

[Event "Foment Martinenc op-B 18th"]
[Site "Barcelona"]
[Date "2016.06.04"]
[Round "7"]
[White "Izquierdo Pujol, Pol"]
[Black "Castillo Dalmau, Arnau"]
[Result "0-1"]
[WhiteElo "1835"]
[BlackElo "1368"]
[PlyCount "48"]
[EventDate "2016.04.23"]
[EventType "swiss"]
[EventRounds "9"]
[EventCountry "ESP"]
[SourceTitle "EXT 2017"]
[Source "ChessBase"]
[SourceDate "2016.10.25"]
[SourceVersion "1"]
[SourceVersionDate "2016.10.25"]
[SourceQuality "1"]

1. e4 c5 2. Nc3 e6 3. Bc4 a6 4. a4 Nc6 5. Nf3 Nf6 6. 0-0 Be7 7. d3 0-0 8. e5 Ne8 9. Ne4 d5 10. exd6 Nxd6 11. Bb3 Nxe4 12. dxe4 Qc7 13. Re1 b6 14. e5 Bb7 15. Bf4 Rfd8 16. Qe2 Nd4 17. Nxd4 Rxd4 18. Be3 Rd7 19. Rad1 Rad8 20. f4 Qc6 21. c3 Rd3 22. Bc2 Rxe3 23. Rxd8+ Bxd8 24. Bxh7+ Kh8 0-1

[Event "Foment Martinenc op-B 18th"]
[Site "Barcelona"]
[Date "2016.05.28"]
[Round "6"]
[White "Maqueda Berdugo, Francisco"]
[Black "Castillo Dalmau, Arnau"]
[Result "1/2-1/2"]
[WhiteElo "1682"]
[BlackElo "1368"]
[PlyCount "71"]
[EventDate "2016.04.23"]
[EventType "swiss"]
[EventRounds "9"]
[EventCountry "ESP"]
[SourceTitle "EXT 2017"]
[Source "ChessBase"]
[SourceDate "2016.10.25"]
[SourceVersion "1"]
[SourceVersionDate "2016.10.25"]
[SourceQuality "1"]

1. e4 c5 2. Nf3 e6 3. d4 cxd4 4. Nxd4 Nc6 5. Nc3 Qc7 6. Be2 a6 7. 0-0 Nf6 8. Be3 Be7 9. f4 d6 10. Kh1 0-0 11. Nb3 b5 12. g4 b4 13. g5 bxc3 14. gxf6 Bxf6 15. bxc3 Bxc3 16. Rb1 Bb7 17. Bf3 Rac8 18. Bg2 e5 19. f5 f6 20. h4 Ba8 21. Qg4 Kh8 22. Rf3 Nd4 23. Rg3 Nxb3 24. cxb3 Bd4 25. Bxd4 exd4 26. h5 Qe7 27. Rg1 Rc3 28. Bf3 Rxf3 29. R3g2 Bxe4 30. h6 Rh3+ 31. Qxh3 Bxg2+ 32. Rxg2 gxh6 33. Qxh6 Rg8 34. Re2 Qxe2 35. Qxf6+ Rg7 36. Qf8+ 1/2-1/2

[Event "Foment Martinenc op-B 18th"]
[Site "Barcelona"]
[Date "2016.05.21"]
[Round "5"]
[White "Castillo Dalmau, Arnau"]
[Black "Hernando Rodrigo, Lourdes"]
[Result "0-1"]
[WhiteElo "1368"]
[BlackElo "1750"]
[PlyCount "124"]
[EventDate "2016.04.23"]
[EventType "swiss"]
[EventRounds "9"]
[EventCountry "ESP"]
[SourceTitle "EXT 2017"]
[Source "ChessBase"]
[SourceDate "2016.10.25"]
[SourceVersion "1"]
[SourceVersionDate "2016.10.25"]
[SourceQuality "1"]

1. e4 c5 2. Nf3 e6 3. d4 cxd4 4. Nxd4 a6 5. c4 Nf6 6. Nc3 Qc7 7. Be3 b6 8. Be2 Bb7 9. f3 Bd6 10. Ndb5 axb5 11. Nxb5 Bb4+ 12. Kf2 Qc6 13. a3 Bc5 14. Bxc5 Qxc5+ 15. Qd4 Qxd4+ 16. Nxd4 0-0 17. e5 Ne8 18. Rhd1 Nc6 19. Nxc6 Bxc6 20. b4 Rd8 21. Rd2 d5 22. exd6 Rxd6 23. Rxd6 Nxd6 24. Rd1 Nf5 25. g4 Nh4 26. Rd6 Ba4 27. Rxb6 f5 28. Kg3 g5 29. Rxe6 fxg4 30. fxg4 Rf4 31. Re3 Ng6 32. h3 Rd4 33. Rd3 Re4 34. Bf3 Re1 35. Kf2 Rc1 36. Bd5+ Kg7 37. Kg3 Nf4 38. Re3 Nxd5 39. cxd5 Rd1 40. h4 gxh4+ 41. Kxh4 Rxd5 42. Rg3 Kg6 43. Rg2 Rd3 44. Rg3 Rd1 45. Re3 Rh1+ 46. Rh3 Rxh3+ 47. Kxh3 Kg5 48. Kg3 Bc6 49. Kh3 Bd7 50. Kg2 h6 51. Kh3 Bxg4+ 52. Kg3 Bd7 53. Kh2 Kg4 54. Kg2 h5 55. Kh2 Bc6 56. b5 Bxb5 57. Kg2 Bc6+ 58. Kh2 h4 59. a4 Bxa4 60. Kg2 Bc6+ 61. Kh2 Bd5 62. Kg1 Kg3 0-1